header

The trinity (Record no. 103636)

MARC details
000 -LEADER
fixed length control field 01747nam a2200433 a 4500
100 0# - MAIN ENTRY--AUTHOR NAME
Personal name Novatianus.
245 14 - TITLE STATEMENT
Title The trinity
260 ## - PUBLICATION, DISTRIBUTION, ETC. (IMPRINT)
Place of publication Washington, D.C. :
Name of publisher Catholic University of America Press,
Year of publication 2008, c1974.
300 ## - PHYSICAL DESCRIPTION
Number of Pages ix, 223 p.
490 1# - SERIES STATEMENT
Series statement The fathers of the church : a new translation ;
500 ## - GENERAL NOTE
General note First paperback reprint.
650 #0 - SUBJECT ADDED ENTRY--TOPICAL TERM
Topical Term Trinity
Topical Term Christian ethics
700 1# - ADDED ENTRY--PERSONAL NAME
Personal name DeSimone, Russell J.
856 40 - ELECTRONIC LOCATION AND ACCESS
Uniform Resource Identifier http://site.ebrary.com/lib/rucke/Doc?id=10382795

No items available.

© 2026 Rongo University
Contact us: librarian | system librarian | Rongo university